000 02275cam a2200289Ia 4500
001 991016900889704336
005 20260310163236.0
008 070602s2008 njua b 001 0 eng d
020 _a9780470087039 (hbk.)
020 _a047008703X (hbk.)
035 _a(CaACU)2657068-01ucalg_inst
035 _a(OCoLC)i9780470087039
035 _a(OCoLC)154699414
040 _aBTCTA
_cBTCTA
_dBAKER
_dYDXCP
_dBWX
_dZQP
_dMIA
_dUtOrBLW
041 _aEnglish
090 _aHD30.213 .P48 2008
100 _aPiccoli, Gabriele.
_926874
245 1 0 _aInformation systems for managers
_b: texts & cases
_c/ Gabriele Piccoli.
260 _aHoboken, NJ :
_bJ. Wiley,
_cc2008.
300 _axiv, 465 p. :
_bill. ;
_c25 cm.
504 _aIncludes bibliographical references and index.
505 _aPart I: Foundations — Information Systems and the Role of General and Functional Managers — Information Systems Defined — Organizational Information Systems and Their Impact — Part II: Competing in the Digital Age — Digital Disruption and the Competitive Environment — Digital Transformation, Innovation, and Entrepreneurship — Part III: The Strategic Use of Information Systems — Strategic Information Systems Planning — Value Creation and Strategic Information Systems — Digital Value Creation — Digital Value Capture — Part IV: Getting IT Done — Managing Information Systems — Creating Information Systems in the Digital Age — Information Systems Trends — Cybersecurity, Privacy, and Ethics
520 _aInformation Systems for Managers is a text for managerial/MBA students intended to actively engage them in discussions and activities around information systems and information technology. Piccoli has interwoven many real-world examples into the text that show students how IS will effect their futures in management positions. Each chapter starts off with a mini-case to get the student's attention, build excitement, and foster interactive discussions. A plethora of unique, full-length cases are also composed within the text to hold student's attention and show them how IS and IT are of great interest to them as managers.
650 0 _aManagement information systems
_91250
650 0 _aBusiness
_xData processing
_97722
942 _2lcc
999 _c5413
_d5413